Movies Quiz

Random Movies or Oscar Quiz

Oscar Nominees (1968) Quiz Stats

 Plays Quiz not verified by Sporcle

Challenge
Share
Tweet
Embed
Score 0/105 Timer 12:00
0 Plays Today
% Correct
*Oliver!*
95.1%
Oliver!
95.1%
Oliver!
95.1%
Oliver!
95.1%
*Oliver!*
95.1%
Oliver!
95.1%
*Oliver!*
95.1%
*Oliver!*
95.1%
The Lion in Winter
89%
Peter O'Toole - The Lion in Winter
89%
*Katharine Hepburn* - The Lion in Winter
89%
*The Lion in Winter*
89%
The Lion in Winter
89%
*The Lion in Winter*
89%
Funny Girl
85.4%
Jack Wild - Oliver!
85.4%
Funny Girl
85.4%
Funny Girl
85.4%
Funny Girl - Funny Girl
85.4%
Funny Girl
85.4%
Funny Girl
85.4%
*Barbra Streisand* - Funny Girl
84.8%
Ron Moody - Oliver!
84.1%
*Carol Reed* - Oliver!
81.7%
*Cliff Robertson* - Charly
81.1%
2001: A Space Odyssey
78.7%
2001: A Space Odyssey
78.7%
*2001: A Space Odyssey*
78%
Rachel, Rachel
77.4%
Rachel, Rachel
77.4%
Joanne Woodward - Rachel, Rachel
76.2%
*Ruth Gordon* - Rosemary's Baby
74.4%
*Jack Albertson* - The Subject Was Roses
72.6%
Estelle Parsons - Rachel, Rachel
70.7%
Rosemary's Baby
70.7%
% Correct
Anthony Harvey - The Lion in Winter
70.1%
Romeo and Juliet
69.5%
*Romeo and Juliet*
69.5%
*Romeo and Juliet*
69.5%
Gene Wilder - The Producers
68.9%
*The Producers*
68.9%
Alan Arkin - The Heart is a Lonely Hunter
67.1%
Vanessa Redgrave - Isadora
65.9%
Patricia Neal - The Subject Was Roses
65.2%
Alan Bates - The Fixer
64%
Franco Zeffirelli - Romeo and Juliet
64%
Sondra Locke - The Heart is a Lonely Hunter
63.4%
Kay Medford - Funny Girl
62.8%
Faces
59.8%
Star!
59.8%
Star!
59.8%
Star!
59.8%
Star! - Star!
59.8%
Star!
59.8%
Star!
59.8%
Daniel Massey - Star!
59.1%
Lynn Carlin - Faces
59.1%
Stanley Kubrick - 2001: A Space Odyssey
59.1%
Seymour Cassel - Faces
58.5%
Planet of the Apes
58.5%
Planet of the Apes
58.5%
The Thomas Crown Affair
55.5%
*The Windmills of Your Mind* - The Thomas Crown Affair
55.5%
Gillo Pontecorvo - The Battle of Algiers
54.9%
*Bullitt*
53%
Bullitt
53%
The Battle of Algiers
48.8%
Chitty Chitty Bang Bang - Chitty Chitty Bang Bang
48.2%
Finian's Rainbow
47.6%
Finian's Rainbow
47.6%
% Correct
The Odd Couple
45.1%
The Odd Couple
45.1%
Ice Station Zebra
43.9%
Ice Station Zebra
43.9%
*War and Peace* - USSR
40.2%
War and Peace
40.2%
The Fox
40.2%
Hot Millions
39%
The Shoes of the Fisherman
39%
The Shoes of the Fisherman
39%
Wild in the Streets
38.4%
Stolen Kisses - France
37.2%
For Love of Ivy - For Love of Ivy
36%
The Young Girls of Rochefort
36%
The Firemen's Ball - Czechoslovakia
34.1%
*Robert Kennedy Remembered*
34.1%
The Boys of Paul Street - Hungary
32.9%
The Girl with the Pistol - Italy
32.9%
*Journey into Self*
26.8%
*Why Man Creates*
26.8%
A Few Notes on Our Food Problem
24.4%
The Legendary Champions
24.4%
Other Voices
24.4%
Young Americans
24.4%
The House That Ananda Built
24.4%
The Revolving Door
24.4%
A Space to Grow
24.4%
The Dove
24.4%
Duo
24.4%
Prelude
24.4%
*Winnie the Pooh and the Blustery Day*
24.4%
The House That Jack Built
24.4%
Windy Day
24.4%
A Way Out of the Wilderness
22%
The Magic Pear Tree
22%

You're not logged in!

Compare scores with friends on all Sporcle quizzes.
Join for Free
OR
Log In

You Might Also Like...

Show Comments

Extras

Top Quizzes Today


Score Distribution

Your Account Isn't Verified!

In order to create a playlist on Sporcle, you need to verify the email address you used during registration. Go to your Sporcle Settings to finish the process.

Report this User

Report this user for behavior that violates our Community Guidelines.

Details: